Catálogo
 En Linea

Dalí, Gaudí, Nonell, tres artistas catalanes / (Registro nro. 43415)

Detalles MARC
000 -CABECERA
campo de control de longitud fija 00857nam a2200229 a 4500
001 - NÚMERO DE CONTROL
campo de control 000043926
005 - FECHA Y HORA DE LA ÚLTIMA TRANSACCIÓN
campo de control 20201002045040.0
008 - DATOS DE LONGITUD FIJA--INFORMACIÓN GENERAL
campo de control de longitud fija 140509s1986 sp 000 0 spa d
020 ## - NÚMERO INTERNACIONAL ESTÁNDAR DEL LIBRO
Número Internacional Estándar del Libro 8420645044
040 ## - FUENTE DE LA CATALOGACIÓN
Centro catalogador/agencia de origen DO-SdBNP
Lengua de catalogación spa
Centro/agencia transcriptor BNPHU
041 17 - CÓDIGO DE LENGUA
Código de lengua del texto/banda sonora o título independiente spa
Código de lengua original eng
082 ## - NÚMERO DE LA CLASIFICACIÓN DECIMAL DEWEY
Número de clasificación xxxx
Número de documento/Ítem xxxx
100 1# - ENTRADA PRINCIPAL--NOMBRE DE PERSONA
Nombre de persona Pla, Josep,
Fechas asociadas al nombre 1897-1981.
9 (RLIN) 71847
240 10 - TÍTULO UNIFORME
Título uniforme Homenots, Dalí, Gaudí, Nonell
Lenguaje de la obra Español
245 10 - MENCIÓN DE TÍTULO
Título Dalí, Gaudí, Nonell, tres artistas catalanes /
Mención de responsabilidad, etc. Josep Pla ; introducción de J. M. Castellet ; traductor, María Parés.
260 ## - PUBLICACIÓN, DISTRIBUCIÓN, ETC.
Lugar de publicación, distribución, etc. Madrid :
Nombre del editor, distribuidor, etc. Alianza,
-- Enciclopèdia Catalana,
Fecha de publicación, distribución, etc. 1986.
300 ## - DESCRIPCIÓN FÍSICA
Extensión x, 133 p. ;
Dimensiones 21 cm.
490 1# - MENCIÓN DE SERIE
Mención de serie Biblioteca de cultura catalana
Designación de volumen o secuencia 4
500 ## - NOTA GENERAL
Nota general Incluye referencias bibliográficas y notas al pie de las páginas
700 12 - PUNTO DE ACCESO ADICIONAL--NOMBRE DE PERSONA
Nombre de persona Parés, María
Término indicativo de función/relación tr.
9 (RLIN) 71848
830 #0 - PUNTO DE ACCESO ADICIONAL DE SERIE-TÍTULO UNIFORME
Título uniforme Biblioteca de cultura catalana ;
Número de parte o sección de la obra 4
9 (RLIN) 71849
Existencias
Estado de retiro Estado de pérdida Restricciones de uso No para préstamo Código de colección Localización permanente Ubicación/localización actual Ubicación en estantería Fecha de adquisición Número de inventario Total de préstamos Signatura topográfica completa Código de barras Fecha visto por última vez Precio válido a partir de Tipo de ítem Koha
      Excluido de préstamo Monografías: Libros y Folletos General General En catalogación 09.05.2014 LF1   xxxx xxxx 43926-10 25.06.2020 25.06.2020 No se presta

Con tecnología Koha